Senec - Narodna škola

Zobrazenie: V bielom orámovaní pohľad na budovu Národnej školy, pred ktorou je múrik a plotom a za ňou je v pozadí kostol

Bibliographic Details
Format: Postcard
Language:Slovak
PhysicalDescription:1 pohľadnica čiernobiela 9 x 14 cm
Published: [Bratislava] Tatran 1950
Subjects:

MARC

LEADER 00000ckm a2200000 a 4500
001 vtls011704987
003 SK-MaSNL
005 20260512123520.0
007 kp bo
008 240131s1950 xo g 0kuslo
015 |a SNBG1950 
035 |a urn:nbn:sk:snk-km00dmgk 
035 |a urn:nbn:sk:snk-km3m0s6 
035 |a 0093D3ED-B4FF-4D71-9918-AC13940E7992 
040 |a SNK  |b slo  |c SNK  |e AACR2 
041 0 |a slo 
043 |a e-xo--- 
044 |a xo  |c SK 
072 7 |a 37  |x Výchova a vzdelávanie  |2 konspekt 
072 7 |a 913  |x Regionálna geografia  |2 konspekt 
080 |a 373/378  |2 2011 
080 |a (084.121)  |2 2011 
080 |a 908.437.612.(084.121)  |2 2008 
080 |a 913(437.6)  |2 2011 
245 0 0 |a Senec - Narodna škola  |h grafika 
246 3 3 |a Senec - Národna škola 
260 |a [Bratislava]  |b Tatran  |c 1950 
300 |a 1 pohľadnica  |b čiernobiela  |c 9 x 14 cm 
520 8 |a Zobrazenie: V bielom orámovaní pohľad na budovu Národnej školy, pred ktorou je múrik a plotom a za ňou je v pozadí kostol 
650 0 7 |a školy  |2 SNKPH  |9 1276 
651 7 |a Senec (Slovensko)  |2 SNKPHgeo  |9 175132 
655 7 |a miestne pohľadnice  |2 SNKPH  |9 70510 
852 |a Slovenská národná knižnica 
958 |a GBN 
958 |a GC 
958 |a OND 
958 |a EUIPO 
999 |c 765951  |d 767881 
952 |a SNK  |b SNK  |y PREZ  |7 0  |p 17A1225616  |o snkSP 21107  |z Pohľadnica prešla poštou.  |0 0  |1 0  |4 0  |d 2017-07-31  |f 1  |l 0  |r 2026-02-24 00:18:56  |w 2026-02-24